<?xml version="1.0" encoding="UTF-8"?>
<collection xmlns:xsi="http://www.w3.org/2001/XMLSchema-instance" xsi:schemaLocation="http://www.loc.gov/MARC21/slim http://www.loc.gov/standards/marcxml/schema/MARC21slim.xsd" xmlns="http://www.loc.gov/MARC21/slim">
 <record>
  <leader>00000cam a22000004a 4500</leader>
  <controlfield tag="001">UP-99796217609871205</controlfield>
  <controlfield tag="003">Buklod</controlfield>
  <controlfield tag="005">20250227093513.0</controlfield>
  <controlfield tag="006">aa    r     ||| u </controlfield>
  <controlfield tag="007">ta</controlfield>
  <controlfield tag="008">250227s2009    mau     r    |||| u|eng d</controlfield>
  <datafield tag="020" ind1=" " ind2=" ">
   <subfield code="a">9780071268813 (pbk.)</subfield>
  </datafield>
  <datafield tag="035" ind1=" " ind2=" ">
   <subfield code="a">(iLib)UPD-00173903545</subfield>
  </datafield>
  <datafield tag="040" ind1=" " ind2=" ">
   <subfield code="a">DECON</subfield>
   <subfield code="e">rda</subfield>
  </datafield>
  <datafield tag="041" ind1="0" ind2=" ">
   <subfield code="a">eng</subfield>
  </datafield>
  <datafield tag="042" ind1=" " ind2=" ">
   <subfield code="a">DMLUC</subfield>
  </datafield>
  <datafield tag="090" ind1="0" ind2="0">
   <subfield code="a">HG 181</subfield>
   <subfield code="b">R64 2009</subfield>
  </datafield>
  <datafield tag="100" ind1="1" ind2=" ">
   <subfield code="a">Rose, Peter S.</subfield>
  </datafield>
  <datafield tag="245" ind1="1" ind2="0">
   <subfield code="a">Money and capital markets</subfield>
   <subfield code="b">financial institutions and instruments in a global marketplace</subfield>
   <subfield code="c">Peter S. Rose, Milton H. Marquis.</subfield>
  </datafield>
  <datafield tag="246" ind1="0" ind2="0">
   <subfield code="a">Financial institutions and instruments in a global marketplace.</subfield>
  </datafield>
  <datafield tag="250" ind1=" " ind2=" ">
   <subfield code="a">10th ed.</subfield>
  </datafield>
  <datafield tag="264" ind1=" " ind2="1">
   <subfield code="a">Boston</subfield>
   <subfield code="b">McGraw-Hill/Irwin</subfield>
   <subfield code="c">c2009.</subfield>
  </datafield>
  <datafield tag="300" ind1=" " ind2=" ">
   <subfield code="a">xxxviii, 767 p.</subfield>
   <subfield code="b">ill.</subfield>
  </datafield>
  <datafield tag="490" ind1="0" ind2=" ">
   <subfield code="a">The McGraw-Hill / Irwin series in finance, insurance and real estate</subfield>
  </datafield>
  <datafield tag="505" ind1="0" ind2="0">
   <subfield code="a">Contents: PART 1: The Global Financial System in Perspective - Functions and Roles of the Financial System in the Global Economy - - Financial Assets, Money, Financial Transactions, and Financial Institutions - - The Financial Information Marketplace - - The Future of the Financial System and Trends in the Money and Capital Markets - - PART 2: Interest Rates and the Prices of Financial Assets - The Determinants of Interest Rates: Competing Ideas - - Measuring and Calculating Interest Rates and Financial Asset Prices - - Inflation, Yield Curves, and Duration: Impact on Interest Rates and Asset Prices - - The Risk Structure of Interest Rates: Defaults, Prepayments, Taxes, and Other Rate-Determining Factors - - Interest Rate Forecasting and Hedging: Swaps, Financial Futures, and Options - - PART 3: The Money Market and Central Banking - Introduction to the Money Market and the Roles Played by Governments and Security Dealers - - Commercial Banks, Major Corporations, and Federal Credit Agencies in the Money Market - - Roles and Services of the Federal Reserve and Other Central Banks around the World - - The Tools and Goals of Central Bank Monetary Policy - - PART 4: Financial Institutions: Organization, Activities, and Regulation - The Commercial Banking Industry: Structure, Products, and Management - - Nonbank Thrift Institutions: Savings and Loans, Saving Banks, Credit Unions, and Money Market Funds - - Mutual Funds, Insurance Companies, Investment Banks, and Other Financial Firms - - Regulation of the Financial Institutions' Sector - - PART 5: Governments and Businesses in the Financial Markets - Federal, State, and Local Governments Operating in the Financial Markets - - Business Borrowing: Corporate Bonds, Asset-Backed Securities, Bank Loans, and Other Forms of Business Debt - - The Market for Corporate Stock - - PART 6: Consumers in the Financial Markets - Consumer Lending and Borrowing - - The Residential Mortgage Market - - PART 7: The International Transactions and Currency Values - - International Banking.</subfield>
  </datafield>
  <datafield tag="650" ind1="1" ind2="0">
   <subfield code="a">Finance</subfield>
   <subfield code="z">United States.</subfield>
  </datafield>
  <datafield tag="650" ind1="0" ind2="0">
   <subfield code="a">Money market</subfield>
   <subfield code="z">United States.</subfield>
  </datafield>
  <datafield tag="650" ind1="0" ind2="0">
   <subfield code="a">Capital market</subfield>
   <subfield code="z">United States.</subfield>
  </datafield>
  <datafield tag="700" ind1="1" ind2=" ">
   <subfield code="a">Marquis, Milton H.</subfield>
   <subfield code="d">1948-.</subfield>
  </datafield>
  <datafield tag="842" ind1=" " ind2=" ">
   <subfield code="a">Book</subfield>
  </datafield>
  <datafield tag="905" ind1=" " ind2=" ">
   <subfield code="a">FO</subfield>
  </datafield>
  <datafield tag="950" ind1=" " ind2=" ">
   <subfield code="a">Monograph</subfield>
  </datafield>
  <datafield tag="852" ind1="0" ind2=" ">
   <subfield code="a">UPD</subfield>
   <subfield code="b">DECON</subfield>
   <subfield code="h">HG 181</subfield>
   <subfield code="i">R64 2009</subfield>
  </datafield>
  <datafield tag="942" ind1=" " ind2=" ">
   <subfield code="a">Book</subfield>
  </datafield>
 </record>
</collection>
